000 01709 a2200265 4500
001 3780
005 20260407155430.0
008 260407a1991 arg spa d
003 AR-UNSa-BCEJYS
040 _aAR-UNSa-BCEJYS
_bspa
_cAR-UNSa-BCEJYS
080 _a330.101.541
_xMacroeconomía
245 1 0 _aMacroeconomía
020 _a84-7615-683-9
250 _a5a. ed.
264 1 _aMadrid :
_bMcGraw-Hill
_c1991
300 _axv, 974 p.
_c23 cm.
505 _a1. Introducción - 2. La contabilidad nacional - 3. La renta y el gasto - 4. El dinero, el interés, y la renta - 5. La política fiscal, el efecto desplazamiento y la combinación - 6. La relaciones internacionales - 7. La oferta y la demanda agregadas: Introducción - 8. El consumo y el ahorro - 9. La inversión - 10. La demanda de dinero - 11. La reserva federal, el dinero y el crédito - 12. Las políticas de estabilización: persectivas y problemas - 13. La oferta agregada:los salarios, los precios y el empleo - 14. La inflación y el desempleo - 15. La relación del intercambio entre la inflación y el desempleo - 16. Los déficit presupuestarios y la deuda pública - 17. El dinero, los déficit y la inflación - 18. La macroeconomía: la interacción de los hechos y las ideas - 19. El crecimiento a largo plazo y la productividad - 20. La interdependencia y los ajustes internacionales
942 _cBK
590 _aniveau_biblio:m niveau_hierar:0
100 1 _aDornbusch, Rudiger
700 1 _aFischer, Stanley
700 1 _aGarcia-Pardo, Jimena
700 1 _aOjeda, Alonso
856 4 1 _uhttps://t1.gstatic.com/images?q=tbn:ANd9GcS1UvtTJ1y5rvNCXsegLpoEp6hraMEGAAKvE8UOb7c2LPJxDORfMm8tr1hn
_yImagen de portada
_qimage/jpeg
999 _c365
_d365